00653 2200229 4500001002100000005001700021020002200038035002500060040001200085082001600097084002000113090002000133100002200153245008200175260002700257300003700284500002800321650002600349700001500375850001200390990002100402YOGYA00000000009893220150527155232.0 a978-979-29-3213-3 a0010-021400000000443 aYOPDYOG 2[22]a005.1 aDEP 005.1 Ari D aDEP 005.1 Ari D aArif Akbarul Huda a24 Jam !! Pintar pemrogaman androidc/ Arif Akbarul Huda ; editor, Hernita P. aYogyakartabAndic2012 axxiv, 248 hlm. ;bilus. ;c23 cm aBibiliografi : hlm. 245 aKomputer, Pemrograman aHernita P. aYOPDYOG aCB-D.112012-1647